• AIU
  • Tony Wilmot Memorial Library

Amharic Bible /. (Record no. 39444)

MARC details
000 -LEADER
fixed length control field 00388nam a22001571a 4500
003 - CONTROL NUMBER IDENTIFIER
control field NEGST
005 - DATE AND TIME OF LATEST TRANSACTION
control field 20110718133005.0
008 - FIXED-LENGTH DATA ELEMENTS--GENERAL INFORMATION
fixed length control field 030714s1962 001 0 eng d
020 ## - INTERNATIONAL STANDARD BOOK NUMBER
International Standard Book Number 9966843639
245 00 - TITLE STATEMENT
Title Amharic Bible /.
260 ## - PUBLICATION, DISTRIBUTION, ETC. (IMPRINT)
Place of publication, distribution, etc Nairobi :
Name of publisher, distributor, etc United Bible Societies,
Date of publication, distribution, etc 1962.
300 ## - PHYSICAL DESCRIPTION
Extent 955p.
590 ## - LOCAL NOTE (RLIN)
Local note Accession number: 30515
630 00 - SUBJECT ADDED ENTRY--UNIFORM TITLE
Uniform title Bible Amharic.
Holdings
Withdrawn status Lost status Source of classification or shelving scheme Damaged status Not for loan Collection code Home library Current library Shelving location Date acquired Cost, normal purchase price Total Checkouts Full call number Barcode Date last seen Price effective from Koha item type
    Library of Congress Classification     Reference AIU/NEGST - Tony Wilmot Memorial Library AIU/NEGST - Tony Wilmot Memorial Library Reference 02/06/2010 25.00   REF BS 325.A6 1962 R08746M3232 09/26/2019 02/06/2010 Reference